Moral médica en los Sacramentos de la Iglesia / (Record no. 22621)

MARC details
000 -LEADER
campo de control de longitud fija 00582nam a2200169 i 4500
001 - NÚMERO DE CONTROL
campo de control 22621
003 - IDENTIFICADOR DE NÚMERO DE CONTROL
campo de control ES-MaACL
005 - FECHA Y HORA DE LA ÚLTIMA TRANSACCIÓN
campo de control 20230906152728.0
007 - CAMPO FIJO DE DESCRIPCIÓN FÍSICA--INFORMACIÓN GENERAL
campo de control de longitud fija t|
008 - DATOS DE LONGITUD FIJA--INFORMACIÓN GENERAL
campo de control de longitud fija 021203s1940 sp ||||1| spa d
100 1# - ENTRADA PRINCIPAL--NOMBRE DE PERSONA
Nombre de persona Alonso Muñoyerro, Luis.
9 (RLIN) 20368
245 10 - MENCIÓN DEL TÍTULO
Título Moral médica en los Sacramentos de la Iglesia /
Mención de responsabilidad, etc. por Luis Alonso Muñoyerro ; prólogo y colaboración técnica de Manuel Bermejillo.
260 ## - PUBLICACIÓN, DISTRIBUCIÓN, ETC.
Lugar de publicación, distribución, etc. Madrid :
Nombre del editor, distribuidor, etc. [s.n.,
Fecha de publicación, distribución, etc. 1940] (
Fabricante Sucesores de Rivadeneyra)
300 ## - DESCRIPCIÓN FÍSICA
Extensión 299 p. ;
Dimensiones 25 cm.
700 1# - ENTRADA AGREGADA--NOMBRE PERSONAL
Nombre de persona Bermejillo, Manuel.
9 (RLIN) 28077
852 ## - LOCALIZACIÓN
Ubicación ES-MaACL
Número de control de estantería E-1033
Sublocalización o colección R.18260
Holdings
Estatus retirado Estado de pérdida Estado de daño No para préstamo Biblioteca de origen Biblioteca actual Ubicación en estantería Fecha de adquisición Fuente de adquisición Total de préstamos Signatura topográfica completa Código de barras Visto por última vez Precio de reemplazo Tipo de ítem Koha
        Biblioteca del Ateneo de Madrid Biblioteca del Ateneo de Madrid Depósito 2 17/01/2008     E-1033 1023289 23/02/2023 23/02/2023 Libro impreso